000 00560nam a2200181Ia 4500
008 151018s9999 xx 000 0 und d
082 _bRBASDV32227
_a891.463
100 _aग त्र्यं माडखोलकर
245 _aअनघा
250 _b2
260 _bअक्षय प्रकाशन पुणे
_c1999
300 _a169
600 _aग त्र्यं माडखोलकर
630 _aअनघा
700 _aग त्र्यं माडखोलकर
730 _aअनघा
942 _cBOOK
999 _c1031752
_d1031749